00534nam a2200181 a 45000010010000000030011000100080041000210350026000620820014000881000017001022450043001192600038001626500014002009420012002149520091002269980020003179990015003370000-9376ELIB.Books110520 1933  a(ELIB.Books)0000-9528 a252 bMad aMadden, P.J. aWhy does the Devil Desire to Damn You? bSpringdale: Whitaker House c1933 aPreaching 2ddccBK 00102ddc4070aKBTSbKBTSd2011-05-20l0p33323r2022-01-22 00:00:00w2022-01-22yBK cbate2011-05-20 c9376d9376